Os 19 clubes com mais participações no Campeonato Carioca da 1ª Divisão - até 2015 - Statistics

Estatísticas Gerais
  • Esse quiz foi jogado 341 vezes
  • A pontuação média é 14 de 19
Estatísticas das Respostas
Participações Clube % Correto
111 BOTAFOGO
100%
105 FLAMENGO
100%
94 VASCO DA GAMA
100%
112 FLUMINENSE
99%
104 AMÉRICA
93%
102 BANGU
93%
35 VOLTA REDONDA
90%
69 MADUREIRA
86%
36 AMERICANO
76%
58 OLARIA
76%
40 PORTUGUESA
66%
13 BOAVISTA
65%
17 CABOFRIENSE
64%
21 FRIBURGUENSE
61%
71 SÃO CRISTÓVÃO
60%
61 BONSUCESSO
53%
28 CAMPO GRANDE
40%
23 CANTO DO RIO
28%
20 ANDARAHY
18%
Nenhum quiz correspondente encontrado
Distribuição das Pontuações
Porcentagem de Pessoas com Cada Pontuação
Percentil de Números Respondidos
Sua Pontuação Histórica
Você não jogou esse quiz